000 00308nam a2200121Ia 4500
008 240731s9999 xx 000 0 und d
022 _a1525-6014
245 0 _aDrug and Chemical Toxicology
260 _bTaylor & Francis
856 _uhttps://www.tandfonline.com/loi/idct20
942 _2ddc
942 _cTFEJ
999 _c76298
_d76298
945 _a1
_bMadushi Gamage
_c1
_dMadushi Gamage